UK Towns Quiz - Dorset - Statistics

General Stats
  • This quiz has been taken 325 times
  • The average score is 18 of 51
Answer Stats
Clue Population Town % Correct
B 196,445 Bournemouth
98%
P 140,977 Poole
96%
D 21,366 Dorchester
93%
W 55,543 Weymouth
92%
C 48,979 Christchurch
80%
B 12,287 Bridport
73%
S 9,113 Swanage
70%
W 5,877 Wareham
69%
W 16,630 Wimborne Minster
68%
L 3,743 Lyme Regis
66%
B 11,796 Blandford Forum
62%
V 13,716 Verwood
58%
S 10,365 Sherborne
55%
F 13,268 Ferndown
54%
S 9,162 Shaftesbury
54%
G 11,007 Gillingham
53%
W 5,045 Wool
43%
B 2,992 Beaminster
33%
B 1,317 Bere Regis
32%
S 1,507 Sturminster Marshall
32%
S 3,566 Sturminster Newton
32%
C 10,042 Corfe Mullen
29%
C 1,338 Charmouth
27%
U 8,403 Upton
26%
P 1,194 Puddletown
25%
F 4,553 Fortuneswell
24%
W 5,211 Weston
24%
C 1,732 Charminster
23%
H 13,725 Highcliffe
23%
W 10,434 West Moors
23%
C 3,975 Chickerell
20%
L 3,456 Lytchett Matravers
20%
M 1,127 Maiden Newton
20%
C 1,086 Charlton Marshall
18%
T 1,127 Three Legged Cross
16%
S 1,165 Shillingstone
15%
S 1,700 Southwell
15%
C 2,493 Crossways
14%
W 3,659 West Parley
14%
A 7,152 Ashley Heath
13%
M 1,465 Marnhull
13%
A 2,872 Alderholt
12%
M 1,089 Milborne St Andrew
12%
G 1,032 Grove
11%
P 2,768 Pimperne
11%
S 1,996 Sandford
11%
S 2,369 Stallbridge
11%
C 1,485 Charlton Down
10%
M 1,369 Motcombe
9%
B 1,256 Bradpole
8%
C 1,160 Child Okeford
8%
No matching quizzes found
Score Distribution
Percent of People with Each Score
Percentile by Number Answered
Your Score History
You have not taken this quiz